[Event "MMK 2013 - OPEN"]
[Site "ul.Reymonta 22 - Krakow"]
[Date "2013.08.08"]
[Round "1.1"]
[White "Buscara, Sevan"]
[Black "Lewtak, Dominik"]
[Result "1-0"]
[WhiteElo "2330"]
[BlackElo "1846"]
[PlyCount "49"]
[EventDate "2013.??.??"]

1. d4 Nf6 2. Bf4 e6 3. e3 b6 4. Nf3 Bb7 5. Bd3 c5 6. c3 d5 7. Nbd2 Be7 8. Ne5
O-O 9. Qf3 Nbd7 10. h4 Ne8 11. g4 f6 12. Nxd7 Qxd7 13. g5 e5 14. Bxh7+ Kf7 15.
Bxe5 g6 16. h5 Kg7 17. gxf6+ Bxf6 18. Bxg6 Bxe5 19. Qg2 Kh8 20. dxe5 d4 21. Be4
dxe3 22. fxe3 Bxe4 23. Qxe4 Rd8 24. O-O-O Rf2 25. Nc4 1-0

[Event "MMK 2013 - OPEN"]
[Site "ul.Reymonta 22 - Krakow"]
[Date "2013.08.08"]
[Round "1.2"]
[White "Kolomvakis, Stelios"]
[Black "Nester, Ihor"]
[Result "1/2-1/2"]
[WhiteElo "1821"]
[BlackElo "2306"]
[PlyCount "79"]
[EventDate "2013.??.??"]

1. d4 d5 2. c4 dxc4 3. Nc3 Nf6 4. Nf3 e6 5. Bg5 h6 6. Bh4 Be7 7. e3 a6 8. a4 c5
9. Bxc4 Nc6 10. O-O O-O 11. Re1 Qb6 12. Qd2 Rd8 13. Rad1 Bd7 14. Qe2 Be8 15. d5
Na5 16. e4 Nxc4 17. Qxc4 Qb4 18. Qe2 Bxa4 19. Nxa4 Qxa4 20. d6 Bf8 21. e5 g5
22. exf6 gxh4 23. Ne5 Qf4 24. Nxf7 Rd7 25. Qxe6 Rxf7 26. d7 Rd8 27. Re4 Qxf6
28. Qxf6 Rxf6 29. Re8 Rxd7 30. Rxd7 Rb6 31. Kf1 {dalej partia nie czytelna
prawdopodobnie} c4 32. Ke2 Rg6 33. Rdd8 Rf6 34. f3 Kg7 35. Re4 Kf7 36. Rxc4 Rg6
37. Rc7+ Kg8 38. Kf1 Rg7 39. Rcc8 Kh7 40. f4 {nie czytelna} 1/2-1/2

[Event "MMK 2013 - OPEN"]
[Site "ul.Reymonta 22 - Krakow"]
[Date "2013.08.08"]
[Round "1.3"]
[White "Barski, Radoslaw"]
[Black "Kasperek, Krzysztof"]
[Result "1-0"]
[WhiteElo "2268"]
[BlackElo "1804"]
[PlyCount "47"]
[EventDate "2013.??.??"]

1. e4 c5 2. Nf3 Nc6 3. d4 cxd4 4. Nxd4 Nf6 5. Nc3 g6 6. Be3 Bg7 7. Bc4 O-O 8.
Bb3 Na5 9. f3 Nxb3 10. axb3 d5 11. e5 Ne8 12. f4 Nc7 13. O-O f6 14. exf6 Bxf6
15. f5 Bxd4 16. Qxd4 Rxf5 17. Qh4 Rh5 18. Qg3 e5 19. Rad1 Bf5 20. Nxd5 Nxd5 21.
c4 Be6 22. cxd5 Bxd5 23. h4 Rxh4 24. Rxd5 1-0

[Event "MMK 2013 - OPEN"]
[Site "ul.Reymonta 22 - Krakow"]
[Date "2013.08.08"]
[Round "1.4"]
[White "Zaboklicki, Zbigniew"]
[Black "Jakubiec, Edyta"]
[Result "0-1"]
[WhiteElo "1790"]
[BlackElo "2216"]
[PlyCount "138"]
[EventDate "2013.??.??"]

1. d4 f5 2. g3 Nf6 3. Bg2 g6 4. Nh3 Nc6 5. O-O Bg7 6. c3 O-O 7. Nd2 d6 8. Ng5
Qe8 9. Qb3+ e6 10. e4 a5 11. exf5 a4 12. Qc4 d5 13. Qe2 exf5 14. Re1 Qxe2 15.
Rxe2 Nd8 16. Nf1 h6 17. Nf3 Ne4 18. Bf4 Ne6 19. Be5 a3 20. Rc1 axb2 21. Rxb2
Ra4 22. Bxg7 Kxg7 23. N3d2 c6 24. f3 Nd6 25. Ne3 b5 26. Nc2 Bd7 27. Nb4 Rfa8
28. Re1 Kf6 29. Bf1 g5 30. Bd3 h5 31. h3 Rh8 32. Bf1 h4 33. g4 Rha8 34. Nb3
R4a7 35. Rbe2 Nf4 36. Re7 Be8 37. R7e5 fxg4 38. hxg4 Rd8 39. Nc5 Ra3 40. Ne6
Nxe6 41. Rxe6+ Kg7 42. R1e3 Raa8 43. Re7+ Nf7 44. Rc7 Rac8 45. Ree7 Rxc7 46.
Rxc7 Rd6 47. Bd3 Bd7 48. Kh2 Kf6 49. Na6 Nd8 50. Nc5 Be6 51. Rh7 Nf7 52. Kg2
Bc8 53. Kf2 Rd8 54. a4 bxa4 55. Nxa4 Re8 56. Nb6 Be6 57. c4 Rb8 58. c5 Rb7 59.
Ke3 Ra7 60. f4 Bxg4 61. fxg5+ Kxg5 62. Rg7+ Kh5 63. Bg6+ Kh6 64. Rxf7 Ra3+ 65.
Bd3 h3 66. Rf2 Kg5 67. Rh2 Kh4 68. Kd2 Ra2+ 69. Bc2 Bf5 0-1

[Event "MMK 2013 - OPEN"]
[Site "ul.Reymonta 22 - Krakow"]
[Date "2013.08.08"]
[Round "1.5"]
[White "Polok, Kacper"]
[Black "Peronczyk, Karol"]
[Result "1/2-1/2"]
[WhiteElo "2213"]
[BlackElo "1775"]
[PlyCount "65"]
[EventDate "2013.??.??"]

1. e4 c5 2. Ne2 d6 3. d4 cxd4 4. Nxd4 Nf6 5. Nc3 g6 6. Be3 Bg7 7. f3 O-O 8. Qd2
Nc6 9. O-O-O Bd7 10. g4 Qa5 11. h4 Rfc8 12. h5 Ne5 13. hxg6 hxg6 14. Bh6 Bh8
15. Kb1 Nxf3 16. Nxf3 Rxc3 17. Bc4 Nxe4 18. Qh2 Rxc4 19. Bd2 Nxd2+ 20. Nxd2 Bg7
21. Nxc4 Qb4 22. b3 Qc3 23. Kc1 b5 24. Rd3 Qf6 25. Ne3 Rc8 26. Qh4 Qb2+ 27. Kd2
Bc6 28. Rf1 Qe5 29. Nf5 gxf5 30. Rxf5 Qe4 31. Re3 Qd4+ 32. Rd3 Qe4 33. Re3
1/2-1/2

[Event "MMK 2013 - OPEN"]
[Site "ul.Reymonta 22 - Krakow"]
[Date "2013.08.08"]
[Round "1.6"]
[White "Zegota, Andrzej"]
[Black "Shilov, Sergej"]
[Result "0-1"]
[WhiteElo "1774"]
[BlackElo "2206"]
[PlyCount "97"]
[EventDate "2013.??.??"]

1. e4 c5 2. Nf3 a6 3. d4 cxd4 4. Nxd4 e5 5. Nb3 Nf6 6. Nc3 Bb4 7. Bg5 h6 8.
Bxf6 Bxc3+ 9. bxc3 Qxf6 10. Qd5 Nc6 11. Be2 O-O 12. Rd1 Rd8 13. Qd6 Qxd6 14.
Rxd6 Kf8 15. O-O Ke7 16. Rd2 d6 17. Rfd1 Be6 18. c4 b6 19. c3 a5 20. Rb2 Nb8
21. Nd2 Nd7 22. g3 Rab8 23. Rdb1 g5 24. f3 Rf8 25. Nf1 f5 26. Ne3 f4 27. Nd5+
Bxd5 28. cxd5 Rfc8 29. Rc2 Nc5 30. Bb5 Rf8 31. Kg2 g4 32. Be2 Nxe4 33. fxe4 f3+
34. Kf2 fxe2+ 35. Kxe2 Kd7 36. Rf1 Rxf1 37. Kxf1 Rf8+ 38. Rf2 Rxf2+ 39. Kxf2 b5
40. Ke2 Kc7 41. a3 Kb6 42. Ke3 Kc5 43. Kd3 h5 44. Kd2 Kc4 45. Kc2 a4 46. Kd2
Kb3 47. Kd3 Kxa3 48. c4 Kb4 49. cxb5 0-1

[Event "MMK 2013 - OPEN"]
[Site "ul.Reymonta 22 - Krakow"]
[Date "2013.08.08"]
[Round "1.7"]
[White "Gbyl, Andrzej"]
[Black "Low, Zhen Yu Cyrus"]
[Result "1-0"]
[WhiteElo "2198"]
[BlackElo "1769"]
[PlyCount "107"]
[EventDate "2013.??.??"]

1. d4 Nf6 2. c4 e6 3. Nf3 Bb4+ 4. Bd2 Qe7 5. g3 O-O 6. Bg2 Bxd2+ 7. Qxd2 d6 8.
Nc3 e5 9. O-O Nbd7 10. e3 Re8 11. Qc2 a5 12. Rac1 Nf8 13. Nd5 Qd8 14. dxe5 dxe5
15. Rfd1 c6 16. Nc3 Qc7 17. h3 Be6 18. Na4 h6 19. Nc5 b6 20. Nxe6 Nxe6 21. b3
Nc5 22. a3 Qe7 23. Nh4 e4 24. Nf5 Qe5 25. Nd4 Rac8 26. Bf1 Ne6 27. Nxe6 Qxe6
28. c5 b5 29. Rd6 Qf5 30. Rcd1 Nd5 31. Qd2 b4 32. Qd4 Red8 33. g4 Qg5 34. Rxd8+
Rxd8 35. axb4 axb4 36. Qxe4 Rf8 37. Qf4 Qe7 38. Bc4 Nf6 39. Rd6 Qa7 40. Rxc6
Qa1+ 41. Kg2 Qa8 42. Qf3 Nd7 43. Rd6 Qc8 44. Qf5 Nf6 45. Qxc8 Rxc8 46. Rb6 Rxc5
47. Rb8+ Kh7 48. Bxf7 h5 49. Rxb4 hxg4 50. hxg4 Rg5 51. Be6 Re5 52. Bf5+ g6 53.
Bc2 Nd5 54. Re4 1-0

[Event "MMK 2013 - OPEN"]
[Site "ul.Reymonta 22 - Krakow"]
[Date "2013.08.08"]
[Round "1.8"]
[White "Opasiak, Dustin Tennessee"]
[Black "Mucha, Roman"]
[Result "0-1"]
[WhiteElo "1767"]
[BlackElo "2190"]
[PlyCount "80"]
[EventDate "2013.??.??"]

1. Nf3 g6 2. g3 Bg7 3. Bg2 f5 4. O-O Nf6 5. d3 O-O 6. Nbd2 d6 7. e4 Nc6 8. c3
e5 9. Re1 Kh8 10. h3 fxe4 11. dxe4 Be6 12. Nf1 h6 13. Nh4 Kh7 14. Ne3 Qd7 15.
g4 Qf7 16. Qc2 Bxa2 17. Rxa2 Qxa2 18. Nd5 Rf7 19. f4 Re8 20. f5 g5 21. Nf3 Kg8
22. Be3 b5 23. Nd2 Qa6 24. Bf1 Qb7 25. Qb3 a6 26. Bc4 Nd8 27. Nxf6+ Bxf6 28.
Bxf7+ Nxf7 29. c4 Kg7 30. cxb5 axb5 31. Ra1 c5 32. Nc4 Ra8 33. Rd1 Qc6 34. Nd2
c4 35. Qc3 d5 36. exd5 Qxd5 37. Qc2 Rd8 38. Kf2 e4 39. Rb1 Qe5 40. Qxe4 Rxd2+
0-1

[Event "MMK 2013 - OPEN"]
[Site "ul.Reymonta 22 - Krakow"]
[Date "2013.08.08"]
[Round "1.9"]
[White "Gola, Karol"]
[Black "Lis, Mateusz"]
[Result "1/2-1/2"]
[WhiteElo "2184"]
[BlackElo "1725"]
[PlyCount "37"]
[EventDate "2013.??.??"]

1. e4 c5 2. Nf3 d6 3. Bb5+ Nd7 4. d4 cxd4 5. Qxd4 a6 6. Bc4 Ngf6 7. a4 e5 8.
Qe3 Nc5 9. Ng5 Be6 10. Nxe6 Nxe6 11. Bxe6 fxe6 12. O-O Be7 13. Na3 Rc8 14. Bd2
O-O 15. b3 Re8 16. Nc4 Rc6 17. a5 Qb8 18. Bc3 Bd8 19. f4 1/2-1/2

[Event "MMK 2013 - OPEN"]
[Site "ul.Reymonta 22 - Krakow"]
[Date "2013.08.08"]
[Round "1.10"]
[White "Jedrocha, Katarzyna"]
[Black "Mariano, Elia"]
[Result "0-1"]
[WhiteElo "1717"]
[BlackElo "2177"]
[PlyCount "116"]
[EventDate "2013.??.??"]

1. e4 e6 2. d4 d5 3. exd5 exd5 4. Bd3 c5 5. dxc5 Bxc5 6. Ne2 Nf6 7. O-O O-O 8.
Bg5 h6 9. Bh4 g5 10. Bg3 Ne4 11. Kh1 f5 12. f3 Nxg3+ 13. Nxg3 f4 14. Ne2 Nc6
15. c3 Ne5 16. Nd4 Nc4 17. Bxc4 dxc4 18. Qe2 Qd5 19. Rd1 Qf7 20. Nd2 Bxd4 21.
cxd4 Be6 22. Rac1 b5 23. Ne4 Rad8 24. Qe1 Bd5 25. Nc3 Rfe8 26. Qf2 b4 27. Nxd5
Qxd5 28. Re1 Rxe1+ 29. Qxe1 a5 30. Rd1 Kf7 31. Qe4 Qxe4 32. fxe4 c3 33. bxc3
bxc3 34. Kg1 c2 35. Rc1 Rxd4 36. Rxc2 Rxe4 37. Rc3 Ke6 38. Kf2 Kd5 39. Ra3 a4
40. Rh3 Re6 41. Ra3 Ra6 42. Ke2 Kc4 43. Kd2 Rd6+ 44. Kc2 Kb4 45. Rh3 Rc6+ 46.
Kd2 Rd6+ 47. Kc2 Re6 48. Kd2 Rc6 49. Rd3 h5 50. Rh3 h4 51. Rd3 Rc4 52. h3 Kc5
53. Ra3 Rd4+ 54. Kc2 Re4 55. Kd2 Kb4 56. Rd3 Re3 57. Rd4+ Ka3 58. Rc4 Rg3 0-1

[Event "MMK 2013 - OPEN"]
[Site "ul.Reymonta 22 - Krakow"]
[Date "2013.08.08"]
[Round "1.11"]
[White "Lach, Piotr"]
[Black "Uscinski, Michal"]
[Result "1-0"]
[WhiteElo "2166"]
[BlackElo "1716"]
[PlyCount "69"]
[EventDate "2013.??.??"]

1. e4 c5 2. Nf3 Nc6 3. d4 cxd4 4. Nxd4 d6 5. Nc3 g6 6. Be3 Nf6 7. Be2 Bg7 8.
Nb3 a6 9. a4 Be6 10. f4 h5 11. h3 Rc8 12. O-O O-O 13. f5 Bxb3 14. cxb3 Qa5 15.
g4 Nxe4 16. Nxe4 Qe5 17. fxg6 Qxe4 18. gxf7+ Rxf7 19. Qd3 Qxd3 20. Bxd3 Rxf1+
21. Rxf1 Ne5 22. Bf5 Rc6 23. Be4 Rc7 24. gxh5 e6 25. h6 Bh8 26. Rf2 Rf7 27.
Rxf7 Kxf7 28. Bxb7 Nd3 29. Bxa6 Nxb2 30. Be2 Bc3 31. Bc1 d5 32. a5 d4 33. a6 d3
34. Bxb2 Bxb2 35. Bxd3 1-0

[Event "MMK 2013 - OPEN"]
[Site "ul.Reymonta 22 - Krakow"]
[Date "2013.08.08"]
[Round "1.12"]
[White "Barczyk, Janusz"]
[Black "Lach, Aleksandra"]
[Result "0-1"]
[WhiteElo "1702"]
[BlackElo "2161"]
[PlyCount "62"]
[EventDate "2013.??.??"]

1. e4 c5 2. Nf3 d6 3. d4 cxd4 4. Nxd4 Nf6 5. Nc3 a6 6. g3 e5 7. Nb3 Bg4 8. Be2
Be6 9. O-O Be7 10. Nd2 Nc6 11. Nf3 O-O 12. Ng5 Nd4 13. Nxe6 fxe6 14. Bc4 b5 15.
Bd3 d5 16. Ne2 Nf3+ 17. Kg2 dxe4 18. Nc3 exd3 19. Qxf3 d2 20. Qc6 dxc1=Q 21.
Qxe6+ Kh8 22. Raxc1 Qd6 23. Qb3 Qc6+ 24. f3 Rad8 25. Rcd1 b4 26. Rxd8 Rxd8 27.
Ne2 Rd2 28. Qe3 Qxc2 29. Rf2 Bc5 30. Qxe5 Bxf2 31. Qb8+ Ng8 0-1

[Event "MMK 2013 - OPEN"]
[Site "ul.Reymonta 22 - Krakow"]
[Date "2013.08.08"]
[Round "1.13"]
[White "Xylogiannopoulos, Antonios"]
[Black "Gula, Julian"]
[Result "1-0"]
[WhiteElo "2146"]
[BlackElo "1681"]
[PlyCount "89"]
[EventDate "2013.??.??"]

1. e4 c5 2. Nf3 g6 3. d4 Bg7 4. Nc3 cxd4 5. Nxd4 Nc6 6. Be3 d6 7. Qd2 Nf6 8. f3
O-O 9. Bc4 d5 10. Nxc6 bxc6 11. exd5 cxd5 12. Nxd5 Nxd5 13. Bxd5 Bxb2 14. Rb1
Rb8 15. O-O Qc7 16. c4 Bg7 17. Rxb8 Qxb8 18. Qf2 a6 19. c5 Bf5 20. g4 Bd3 21.
Rd1 Bb5 22. Rc1 Rd8 23. Be4 f5 24. gxf5 gxf5 25. Bxf5 Qe5 26. Be4 Qe6 27. Qh4
Qxa2 28. Qxh7+ Kf8 29. Bh6 Qg8 30. Bxg7+ Qxg7+ 31. Qxg7+ Kxg7 32. c6 Rg8 33.
Bd5 Rf8 34. Kf2 Rh8 35. Ke3 Kf6 36. c7 Bd7 37. Bb7 Bc8 38. Rc6+ Ke5 39. f4+ Kf5
40. Bxa6 Bxa6 41. Rxa6 Rc8 42. Rc6 e6 43. h3 Kf6 44. Ke4 Ke7 45. Ke5 1-0

[Event "MMK 2013 - OPEN"]
[Site "ul.Reymonta 22 - Krakow"]
[Date "2013.08.08"]
[Round "1.14"]
[White "Golda, Sebastian"]
[Black "Kumor, Lukasz"]
[Result "0-1"]
[WhiteElo "1676"]
[BlackElo "2131"]
[PlyCount "52"]
[EventDate "2013.??.??"]

1. e4 e6 2. d4 d5 3. e5 c5 4. c3 Nc6 5. f4 Nh6 6. Nf3 Qb6 7. Bd3 cxd4 8. cxd4
Bd7 9. Bc2 Nb4 10. Bb3 Bb5 11. Ba4 Bxa4 12. Qxa4+ Nc6 13. O-O Nf5 14. Rd1 Be7
15. Nc3 O-O 16. Kh1 Rac8 17. g4 Nh4 18. Ng1 f6 19. Nge2 fxe5 20. fxe5 Nxe5 21.
h3 Rf2 22. Bf4 Qxb2 23. dxe5 Rxc3 24. Qe8+ Bf8 25. Qxe6+ Kh8 26. Bg5 Rxh3+ 0-1

[Event "MMK 2013 - OPEN"]
[Site "ul.Reymonta 22 - Krakow"]
[Date "2013.08.08"]
[Round "1.15"]
[White "Janus, Przemyslaw"]
[Black "Luczka, Szymon"]
[Result "1-0"]
[WhiteElo "2121"]
[BlackElo "1648"]
[PlyCount "81"]
[EventDate "2013.??.??"]

1. d4 Nf6 2. c4 c5 3. d5 b5 4. cxb5 a6 5. b6 d6 6. Nc3 g6 7. e4 Bg7 8. h3 O-O
9. Nf3 Nbd7 10. a4 a5 11. Bb5 Qxb6 12. O-O Ba6 13. Qe2 Rfb8 14. Nd2 Bxb5 15.
Nxb5 Qb7 16. Rb1 Ne8 17. Nc4 Nc7 18. Nca3 Na6 19. b3 Nb4 20. f4 Nb6 21. f5 Rf8
22. h4 h6 23. Rf3 Kh7 24. Bd2 Nd7 25. Nc4 Ne5 26. Nxe5 Bxe5 27. Rbf1 Bg7 28.
Rg3 Bf6 29. Qg4 Rg8 30. fxg6+ fxg6 31. Qf4 g5 32. Qf5+ Kh8 33. hxg5 Bxg5 34.
Rxg5 Rxg5 35. Bxg5 hxg5 36. Qxg5 e5 37. Nxd6 Qg7 38. Qh5+ Qh7 39. Nf7+ Kg8 40.
Nh6+ Kh8 41. Rf7 1-0

[Event "MMK 2013 - OPEN"]
[Site "ul.Reymonta 22 - Krakow"]
[Date "2013.08.08"]
[Round "1.16"]
[White "Kolodziej, Krzysztof"]
[Black "Carre, Sylvain"]
[Result "0-1"]
[WhiteElo "1647"]
[BlackElo "2120"]
[PlyCount "114"]
[EventDate "2013.??.??"]

1. e4 e5 2. f4 Bc5 3. Nf3 d6 4. d4 exd4 5. Bd3 Nf6 6. Nbd2 Nc6 7. Nb3 Bb6 8.
O-O Bg4 9. h3 Be6 10. Qe1 Qe7 11. f5 Bxb3 12. axb3 Nd7 13. Qg3 f6 14. Bd2 Nce5
15. Nxe5 Nxe5 16. Bb5+ c6 17. Bc4 Nxc4 18. bxc4 d3+ 19. Kh1 dxc2 20. Bb4 Rd8
21. Rfc1 O-O 22. Re1 a6 23. Rac1 Rfe8 24. Rxc2 Qe5 25. Qb3 Bc7 26. g4 c5 27.
Ba3 b6 28. Rce2 Re7 29. Qd3 Rde8 30. b3 d5 31. cxd5 Qd6 32. Rg2 Re5 33. Re3 h6
34. Bb2 R5e7 35. Kg1 b5 36. Bc3 Bb6 37. e5 fxe5 38. Rge2 c4 39. bxc4 bxc4 40.
Qxc4 Bxe3+ 41. Rxe3 Rc7 42. Qe4 Rd7 43. Rd3 Qc5+ 44. Kg2 Red8 45. Qxe5 Qe7 46.
d6 Qxe5 47. Bxe5 Rf7 48. Kf3 a5 49. Rd4 Ra8 50. Ra4 Rb7 51. h4 Rb3+ 52. Kf2 Rb4
53. Ra3 Rxg4 54. Bg3 a4 55. Re3 a3 56. Rf3 Rxg3 57. Rxg3 a2 0-1

[Event "MMK 2013 - OPEN"]
[Site "ul.Reymonta 22 - Krakow"]
[Date "2013.08.08"]
[Round "1.17"]
[White "Watorek, Marcin"]
[Black "Blaszczak, Jerzy"]
[Result "1-0"]
[WhiteElo "2116"]
[BlackElo "1639"]
[PlyCount "29"]
[EventDate "2013.??.??"]

1. d4 Nf6 2. Nf3 d5 3. c4 Bg4 4. Ne5 e6 5. Nc3 Bh5 6. Qb3 Nc6 7. Nxc6 bxc6 8.
Qb7 c5 9. Qc6+ Nd7 10. Nb5 Rc8 11. Bf4 cxd4 12. O-O-O a6 13. Nxc7+ Ke7 14. g4
Nb8 15. Bg5+ 1-0

[Event "MMK 2013 - OPEN"]
[Site "ul.Reymonta 22 - Krakow"]
[Date "2013.08.08"]
[Round "1.18"]
[White "Madej, Roman"]
[Black "Adamowicz, Katarzyna"]
[Result "1-0"]
[WhiteElo "1637"]
[BlackElo "2112"]
[PlyCount "71"]
[EventDate "2013.??.??"]

1. d4 d5 2. c4 e6 3. Nc3 Nf6 4. cxd5 exd5 5. Bg5 Be7 6. e3 c6 7. Bd3 Nbd7 8.
Qc2 O-O 9. Nf3 Re8 10. O-O Nf8 11. Ne5 g6 12. f4 Ne6 13. Bxf6 Bxf6 14. f5 Ng7
15. fxg6 fxg6 16. Qf2 Bxe5 17. Qf7+ Kh8 18. dxe5 Bd7 19. Qf6 Qe7 20. e4 d4 21.
Ne2 c5 22. Qd6 Bc6 23. Rac1 Ne6 24. Nf4 Qxd6 25. exd6 Ng5 26. Rxc5 Nxe4 27.
Rxc6 bxc6 28. d7 Re7 29. Re1 Rxd7 30. Rxe4 c5 31. Bc4 a5 32. a4 Rb8 33. b3 Rd6
34. Re7 Rf6 35. Ne6 Rc8 36. Ng5 1-0

[Event "MMK 2013 - OPEN"]
[Site "ul.Reymonta 22 - Krakow"]
[Date "2013.08.08"]
[Round "1.19"]
[White "Gosciniak, Maria"]
[Black "Hajduk, Tomasz"]
[Result "1-0"]
[WhiteElo "2098"]
[BlackElo "1631"]
[PlyCount "87"]
[EventDate "2013.??.??"]

1. e4 c5 2. Nf3 d6 3. d4 cxd4 4. Nxd4 Nf6 5. Nc3 a6 6. f3 e5 7. Nb3 Be7 8. Be3
Be6 9. Qd2 d5 10. exd5 Nxd5 11. Nxd5 Bxd5 12. c4 Bh4+ 13. Bf2 Bxf2+ 14. Qxf2
Be6 15. Be2 Nc6 16. O-O O-O 17. Rfd1 Qe7 18. Bf1 f5 19. Nc5 Rad8 20. a3 Rd4 21.
b4 Rfd8 22. Rxd4 Rxd4 23. Nb3 Rd8 24. Re1 Nd4 25. Nxd4 exd4 26. Bd3 Qf7 27. Qe2
Re8 28. c5 Bd7 29. Bc4 Rxe2 30. Bxf7+ Kxf7 31. Rxe2 Bb5 32. Re5 Kf6 33. Rd5 d3
34. Kf2 Ke6 35. Rd6+ Ke5 36. Ke3 f4+ 37. Kd2 g6 38. Rd8 h5 39. Rb8 g5 40. Rxb7
g4 41. Rh7 gxf3 42. gxf3 Kd4 43. Rxh5 Bc6 44. Rf5 1-0

[Event "MMK 2013 - OPEN"]
[Site "ul.Reymonta 22 - Krakow"]
[Date "2013.08.08"]
[Round "1.20"]
[White "Czarkowski, Tomasz"]
[Black "Oestreicher, Hans-ulrich"]
[Result "1-0"]
[WhiteElo "1620"]
[BlackElo "2090"]
[PlyCount "127"]
[EventDate "2013.??.??"]

1. d4 Nf6 2. c4 g6 3. Nc3 d5 4. Bf4 Bg7 5. e3 c5 6. Bxb8 Rxb8 7. Qa4+ Bd7 8.
Qxa7 cxd4 9. Qxd4 O-O 10. cxd5 Qa5 11. Nge2 Rfd8 12. g3 Bc6 13. dxc6 Rxd4 14.
exd4 bxc6 15. Bg2 Nd5 16. Bxd5 cxd5 17. Rb1 e5 18. dxe5 Bxe5 19. O-O d4 20. Ne4
Qxa2 21. Nd2 Rxb2 22. Nc1 Qxb1 23. Nxb1 Rxb1 24. Nd3 Rb5 25. Nxe5 Rxe5 26. Rd1
Rd5 27. Kf1 Kg7 28. Ke2 Kf6 29. Kd3 Ke5 30. Re1+ Kf5 31. Re4 g5 32. f3 Ra5 33.
Rxd4 Ra2 34. h4 Ra3+ 35. Ke2 Ra2+ 36. Kf1 gxh4 37. Rxh4 Kg6 38. Kg1 h5 39. Rh2
Ra3 40. Kg2 Rb3 41. Rh4 Ra3 42. Rb4 Rc3 43. Rb6+ Kg7 44. f4 Ra3 45. Kh3 Rc3 46.
Rb5 Kh6 47. Kh4 Kg6 48. Rxh5 f5 49. Rg5+ Kf6 50. Kh5 Rc8 51. Rg6+ Ke7 52. Kg5
Rf8 53. Ra6 Rg8+ 54. Kxf5 Rxg3 55. Ra7+ Kf8 56. Kf6 Kg8 57. f5 Rb3 58. Ra8+ Kh7
59. Kf7 Rb7+ 60. Kf8 Rb6 61. Ra7+ Kh6 62. Rf7 Kg5 63. Kg7 Rg6+ 64. fxg6 1-0

[Event "MMK 2013 - OPEN"]
[Site "ul.Reymonta 22 - Krakow"]
[Date "2013.08.08"]
[Round "1.21"]
[White "Matviishen, Viktor"]
[Black "Kosztyla, Andrzej"]
[Result "1-0"]
[WhiteElo "2070"]
[BlackElo "1620"]
[PlyCount "89"]
[EventDate "2013.??.??"]

1. d4 d5 2. c4 c6 3. Nf3 e6 4. Qc2 Nf6 5. g3 Be7 6. Bg2 Nbd7 7. O-O O-O 8. Nbd2
b6 9. e4 dxe4 10. Nxe4 Bb7 11. Ne5 Qc7 12. Bf4 Qc8 13. Rad1 Rb8 14. Nxd7 Qxd7
15. Bxb8 Rxb8 16. Rd2 Qc7 17. Nxf6+ Bxf6 18. d5 cxd5 19. cxd5 Qxc2 20. Rxc2
Bxd5 21. Bxd5 exd5 22. Rfc1 g6 23. Rc8+ Rxc8 24. Rxc8+ Kg7 25. b3 a5 26. Rc6
Bd4 27. Rd6 Bc5 28. Rxd5 h5 29. Kf1 Kf6 30. Ke2 Ke6 31. Rd2 Bd6 32. Kd3 Bb4 33.
Rc2 Bc5 34. Kc4 Kd6 35. Kb5 Kd5 36. f3 Bg1 37. Rd2+ Ke5 38. a3 Ke6 39. b4 axb4
40. axb4 Ke5 41. Kc6 g5 42. Rd5+ Kf6 43. h4 gxh4 44. gxh4 Kg6 45. Rg5+ 1-0

[Event "MMK 2013 - OPEN"]
[Site "ul.Reymonta 22 - Krakow"]
[Date "2013.08.08"]
[Round "1.22"]
[White "Latka, Tadeusz"]
[Black "Bus, Konrad"]
[Result "1/2-1/2"]
[WhiteElo "1611"]
[BlackElo "2066"]
[PlyCount "84"]
[EventDate "2013.??.??"]

1. Nf3 Nf6 2. g3 g6 3. b4 Bg7 4. Bb2 d5 5. Bg2 O-O 6. d3 c6 7. Nbd2 Qb6 8. Rb1
a5 9. Bd4 Qc7 10. a3 axb4 11. axb4 Nbd7 12. O-O b6 13. c4 Bb7 14. Qc2 e5 15.
Bb2 d4 16. e3 c5 17. bxc5 bxc5 18. e4 Bc6 19. Ra1 Rfb8 20. Rfb1 Rxa1 21. Rxa1
Nb6 22. Bc1 Bh6 23. Ra6 Nfd7 24. Nh4 Qb7 25. Ra1 Ra8 26. Rxa8+ Qxa8 27. Nb3
Bxc1 28. Qxc1 Qa2 29. Nd2 Na4 30. Ndf3 Nc3 31. Bf1 f6 32. Qh6 Nf8 33. Qd2 Qb1
34. Qe1 Qb3 35. Nd2 Qc2 36. f4 Nd1 37. Ng2 Bd7 38. fxe5 fxe5 39. Nf3 Bh3 40.
Nxe5 Bxg2 41. Bxg2 Ne6 42. Qf1 Ng5 1/2-1/2

[Event "MMK 2013 - OPEN"]
[Site "ul.Reymonta 22 - Krakow"]
[Date "2013.08.08"]
[Round "1.23"]
[White "Slabek, Grzegorz"]
[Black "Siek, Jerzy"]
[Result "1-0"]
[WhiteElo "2056"]
[BlackElo "1609"]
[PlyCount "65"]
[EventDate "2013.??.??"]

1. d4 f5 2. c4 Nf6 3. Nc3 e6 4. g3 c5 5. Nf3 cxd4 6. Nxd4 Nc6 7. Bg2 Bb4 8. O-O
Bxc3 9. bxc3 O-O 10. Ba3 Re8 11. Nb5 Qa5 12. Bd6 b6 13. Nc7 Bb7 14. Nxe8 Rxe8
15. Bb4 Qe5 16. e3 Ba6 17. Qb3 Ne4 18. Rfd1 g5 19. Rxd7 Nxb4 20. Qxb4 Nxc3 21.
Re1 Ne4 22. Rxa7 Nc5 23. Qxb6 Rb8 24. Qxb8+ Qxb8 25. Ra8 Qxa8 26. Bxa8 Nd3 27.
Ra1 Bxc4 28. a4 Kf8 29. Bg2 Ne5 30. a5 Ba6 31. f4 Nc4 32. Bf1 gxf4 33. exf4 1-0

[Event "MMK 2013 - OPEN"]
[Site "ul.Reymonta 22 - Krakow"]
[Date "2013.08.08"]
[Round "1.24"]
[White "Razny, Pawel"]
[Black "Marczuk, Dominik"]
[Result "0-1"]
[WhiteElo "1604"]
[BlackElo "2049"]
[PlyCount "90"]
[EventDate "2013.??.??"]

1. Nf3 c5 2. g3 Nf6 3. c4 Nc6 4. Bg2 e6 5. O-O d5 6. cxd5 exd5 7. d4 Qb6 8. e3
Bg4 9. dxc5 Bxc5 10. Nc3 Rd8 11. Na4 Qb4 12. Nxc5 Qxc5 13. Qb3 O-O 14. Qxb7 Rb8
15. Qa6 Nb4 16. Qa3 Qb6 17. Nd4 Rfc8 18. Qb3 Qa6 19. Qa3 Qxa3 20. bxa3 Nc2 21.
Nxc2 Rxc2 22. a4 Be2 23. Re1 Rb4 24. Ba3 Rxa4 25. Rec1 Rxc1+ 26. Rxc1 h6 27.
Be7 Bc4 28. a3 Nd7 29. Rd1 Nb6 30. Bc5 Ra5 31. Bb4 Rb5 32. Bf1 f5 33. Bd3 Bxd3
34. Rxd3 Kf7 35. Kf1 g5 36. Ke2 Nc4 37. f3 a5 38. Bd2 Ke6 39. e4 fxe4 40. fxe4
dxe4 41. Rd4 Nxd2 42. Kxd2 Rd5 43. Ke3 Rxd4 44. Kxd4 Kf5 45. h3 a4 0-1

[Event "MMK 2013 - OPEN"]
[Site "ul.Reymonta 22 - Krakow"]
[Date "2013.08.08"]
[Round "1.25"]
[White "Blaszczak, Pawel"]
[Black "Ochowicz, Jakub"]
[Result "0-1"]
[WhiteElo "2039"]
[BlackElo "1598"]
[PlyCount "54"]
[EventDate "2013.??.??"]

1. e4 c6 2. d4 d5 3. Nc3 dxe4 4. Nxe4 Bf5 5. Ng3 Bg6 6. h4 h6 7. h5 Bh7 8. Nf3
Nd7 9. Bd3 Bxd3 10. Qxd3 e6 11. Bf4 Qa5+ 12. Bd2 Bb4 13. c3 Be7 14. a4 Ngf6 15.
b4 Qc7 16. Qe2 O-O 17. Ne5 Nxe5 18. dxe5 Nd5 19. O-O Rad8 20. Rad1 Rd7 21. Qg4
Kh8 22. Rfe1 Rfd8 23. Qf3 Bf8 24. Ne4 Nb6 25. a5 Nc4 26. Bf4 Nxe5 27. Bxe5 Qxe5
0-1

[Event "MMK 2013 - OPEN"]
[Site "ul.Reymonta 22 - Krakow"]
[Date "2013.08.08"]
[Round "1.26"]
[White "Stanuch, Marcin"]
[Black "Sumin, Vladyslav"]
[Result "0-1"]
[WhiteElo "1596"]
[BlackElo "2037"]
[PlyCount "70"]
[EventDate "2013.??.??"]

1. Nf3 Nf6 2. g3 g6 3. Bg2 Bg7 4. O-O O-O 5. d3 d5 6. Nbd2 c5 7. Ne5 Ne8 8.
Nef3 Nc6 9. c3 e5 10. e4 d4 11. c4 Nd6 12. Nh4 Be6 13. Nb3 b6 14. Bd2 Qd7 15.
a3 f5 16. exf5 gxf5 17. Qc2 e4 18. dxe4 fxe4 19. Rfe1 d3 20. Qd1 Bxc4 21. Bxe4
Nxe4 22. Rxe4 Qd5 23. Qg4 Bxb3 24. Bh6 Rf7 25. Rae1 Raf8 26. Re8 Qd4 27. Rxf8+
Rxf8 28. Qxd4 Nxd4 29. Bd2 Ne2+ 30. Kf1 Bc2 31. b4 c4 32. Rxe2 dxe2+ 33. Kxe2
Bd3+ 34. Ke1 Bd4 35. f4 c3 0-1

[Event "MMK 2013 - OPEN"]
[Site "ul.Reymonta 22 - Krakow"]
[Date "2013.08.08"]
[Round "1.27"]
[White "Mihopoulos, Konstantinos"]
[Black "Bandyk, Sebastian"]
[Result "1-0"]
[WhiteElo "2036"]
[BlackElo "1593"]
[PlyCount "131"]
[EventDate "2013.??.??"]

1. c4 e5 2. g3 Nf6 3. Bg2 d5 4. cxd5 Nxd5 5. Nc3 Nb6 6. Nf3 Nc6 7. d3 Be7 8.
O-O Be6 9. Be3 O-O 10. a3 Kh8 11. b4 a6 12. Ne4 Nd5 13. Bc5 Bd6 14. Nfg5 Bxc5
15. Nxe6 Bxf2+ 16. Rxf2 fxe6 17. Rxf8+ Qxf8 18. Qd2 Qe7 19. Rf1 h6 20. Bh3 b6
21. Bg2 Rf8 22. Rxf8+ Qxf8 23. Qc2 Nd4 24. Qd2 Nf5 25. Nf2 Nfe3 26. Bf3 Qf6 27.
Ne4 Qf5 28. Nc3 Qh3 29. Qc1 Nxc3 30. Qxe3 Qf5 31. Kg2 Nd5 32. Qc1 Qf7 33. Qc6
Ne3+ 34. Kf2 Nd5 35. Qa8+ Kh7 36. Qxa6 g5 37. Qc4 Qf5 38. Kg1 Qf7 39. Qe4+ Kg8
40. Qxe5 Qf6 41. Qxf6 Nxf6 42. Bc6 Kf8 43. a4 Ke7 44. a5 bxa5 45. bxa5 Kd6 46.
Bf3 Kc5 47. a6 Kb6 48. Bb7 c6 49. Kg2 e5 50. Kf3 Kc7 51. h3 Kb6 52. e4 c5 53.
Bc8 h5 54. h4 gxh4 55. gxh4 Ne8 56. Ke3 Nd6 57. Bf5 Ne8 58. Bg6 Nf6 59. Kf3
Kxa6 60. Bxh5 Nxh5 61. Kg4 Nf4 62. h5 Nxd3 63. h6 c4 64. h7 c3 65. h8=Q c2 66.
Qc8+ 1-0